El Sector público /

Wedi'i Gadw mewn:
Manylion Llyfryddiaeth
Prif Awdur: Reyes G, Randall
Awduron Eraill: Rugama, Carlos L., Cabrera, Alejandro
Fformat: Texto
Iaith:Spanish
Cyhoeddwyd: San José :
Tagiau: Ychwanegu Tag
Dim Tagiau, Byddwch y cyntaf i dagio'r cofnod hwn!

MARC

LEADER 00000 a a2200000 04500
001 17979
003 cru CIDCACS/IIS
005 20230920163208.0
008 170321b xxu||||| |||| 00| 0 spa d
040 |c cru CIDCACS/IIS  |a cru CIDCACS/IIS 
090 |a 04.03.04 R457s  
100 |a Reyes G, Randall  
245 |a El Sector público /  |c Randall Reyes G. 
260 |a San José :  
300 |a 43 p.  
700 |a Rugama, Carlos L.  
700 |a Cabrera, Alejandro  
852 1 1 |a 04.03.04 R457s   |h 04.03.04 R457s   |i 07395 
942 |2 z  |c LI  |h 04.03.04 R457s   |i 07395  |6 040304_R457S_07395 
999 |c 13359  |d 13359